| 000 | 00483nam a2200157 4500 | ||
|---|---|---|---|
| 001 | 120798 | ||
| 003 | ES-MaACL | ||
| 005 | 20230906191626.0 | ||
| 007 | t| | ||
| 008 | 070214s1949 sp r ||||1| spa d | ||
| 100 | 1 |
_aPolo, Fernando. _992860 |
|
| 245 | 1 | 1 |
_a¿Quién es el rey? _b: la actual sucesión dinástica en la monarquía española / _cpor Fernando Polo. |
| 260 |
_aMadrid : _bTradicionalista, _c1949. |
||
| 300 |
_a214 p. ; _c21 cm. |
||
| 852 |
_aES-MaACL _jD-6028 _bR.29579 |
||
| 999 |
_c120798 _d120798 |
||